Theory of international trade : (Record no. 128392)

MARC details
000 -LEADER
fixed length control field 00839nam a22002657a 4500
005 - DATE AND TIME OF LATEST TRANSACTION
control field 20170124110039.0
010 ## - LIBRARY OF CONGRESS CONTROL NUMBER
LC control number 009422
020 ## - INTERNATIONAL STANDARD BOOK NUMBER
Terms of availability 00.00
035 ## - SYSTEM CONTROL NUMBER
System control number 009422
037 ## - SOURCE OF ACQUISITION
Source of stock number/acquisition Cen Lib/Ret
040 ## - CATALOGING SOURCE
Original cataloging agency DPL
Language of cataloging EN
082 ## - DEWEY DECIMAL CLASSIFICATION NUMBER
Classification number 382
Item number HAB
100 ## - MAIN ENTRY--PERSONAL NAME
Personal name Haberler, Gottfried Von
9 (RLIN) 23248
245 ## - TITLE STATEMENT
Title Theory of international trade :
Statement of responsibility, etc by Gottfried Von Habeler translated by Alfred Stonier [and] Frederic Benham
Remainder of title with its applications to commercial policy /
260 ## - PUBLICATION, DISTRIBUTION, ETC. (IMPRINT)
Place of publication, distribution, etc London
Name of publisher, distributor, etc William hodge
Date of publication, distribution, etc 1950
270 ## - ADDRESS
City London
300 ## - PHYSICAL DESCRIPTION
Extent 408p.
Dimensions 20cm(Hb)
500 ## - GENERAL NOTE
General note Includes index
500 ## - GENERAL NOTE
General note Translated from the German
650 ## - SUBJECT ADDED ENTRY--TOPICAL TERM
Topical term or geographic name as entry element Economics
9 (RLIN) 102004
650 ## - SUBJECT ADDED ENTRY--TOPICAL TERM
Topical term or geographic name as entry element International trade
9 (RLIN) 4053
700 ## - ADDED ENTRY--PERSONAL NAME
Personal name Stonier, Alfred
9 (RLIN) 102005
700 ## - ADDED ENTRY--PERSONAL NAME
Personal name Benham, Frederic
9 (RLIN) 23250
942 ## - ADDED ENTRY ELEMENTS (KOHA)
Source of classification or shelving scheme Dewey Decimal Classification
Koha item type English Books
Classification part 382
Call number suffix HAB
Holdings
Withdrawn status Lost status Damaged status Not for loan Home library Current library Date acquired Source of acquisition Cost, normal purchase price Total Checkouts Full call number Barcode Date last seen Copy number Cost, replacement price Price effective from Koha item type Public note
Written off       Central Library Central Library 02/07/2015 Cen Lib/Ret 0.00   382 HAB 009422 02/07/2015 1 0.00 02/07/2015 English Books Written off on approval by DLB (By Circulation); dtd 15-06-2023

© Delhi Public Library
Hit Counter
free hit counter